[Event "Titled Tuesday intern op 01st Apr Early"]
[Site "Chess.com INT"]
[Date "2025.04.01"]
[Round "3"]
[White "Shamatava, Nikolozi"]
[Black "Fernandez Siles, Luis"]
[Result "1-0"]
[WhiteElo "2292"]
[BlackElo "2169"]
[PlyCount "49"]
[EventDate "2025.04.01"]
[EventType "swiss (blitz)"]
[EventRounds "11"]
[EventCountry "USA"]
[SourceTitle "CB15_2025"]
[SourceDate "2025.04.09"]
[SourceVersion "1"]
[SourceVersionDate "2025.04.09"]
[SourceQuality "1"]

1. e4 c5 2. Nf3 Nc6 3. d4 cxd4 4. Nxd4 Nf6 5. Nc3 e5 6. Nb3 Bb4 7. Bd3 d5 8. exd5 Nxd5 9. Bd2 Nxc3 10. bxc3 Bd6 11. 0-0 0-0 12. c4 Qh4 13. c5 Bc7 14. g3 Qh3 15. Qf3 Bg4 16. Qg2 Qh5 17. Rfe1 Bf3 18. Qf1 Rad8 19. Bc3 Rfe8 20. Re3 e4 21. Rae1 Ne5 22. Bxe5 Bxe5 23. Bxe4 Bc3 24. Bxf3 Rxe3 25. Rxe3 1-0

[Event "Titled Tuesday intern op 04th Mar Early"]
[Site "Chess.com INT"]
[Date "2025.03.04"]
[Round "5"]
[White "Postny, Evgeny"]
[Black "Shamatava, Nikolozi"]
[Result "0-1"]
[WhiteElo "2538"]
[BlackElo "2292"]
[PlyCount "106"]
[EventDate "2025.03.04"]
[EventType "swiss (blitz)"]
[EventRounds "11"]
[EventCountry "USA"]
[SourceTitle "CB11_2025"]
[SourceDate "2025.03.12"]
[SourceVersion "1"]
[SourceVersionDate "2025.03.12"]
[SourceQuality "1"]

1. c4 c5 2. g3 Nc6 3. Bg2 g6 4. Nc3 Bg7 5. Nf3 e6 6. d4 cxd4 7. Nb5 d5 8. cxd5 Qa5+ 9. Nd2 Qxb5 10. dxc6 bxc6 11. a4 Qa6 12. b4 Bd7 13. b5 Qb6 14. Nc4 Qc7 15. Ba3 Ne7 16. Nd6+ Kf8 17. 0-0 Rd8 18. Rc1 Be5 19. bxc6 Bxd6 20. Qxd4 Bxa3 21. Qxh8+ Ng8 22. cxd7 Bxc1 23. Qxh7 Rxd7 24. Qh4 Bh6 25. Qb4+ Qd6 26. Qb5 Kg7 27. e3 Bg5 28. h4 Bf6 29. Rc1 Ne7 30. h5 Qd2 31. Rb1 gxh5 32. Qxh5 Qc2 33. Qg4+ Ng6 34. Be4 Qxa4 35. Qf3 Ne5 36. Qf4 Rd1+ 37. Rxd1 Qxd1+ 38. Kg2 Qg4 39. Qxg4+ Nxg4 40. Bc6 Ne5 41. Bb5 a5 42. f4 Ng6 43. Kf3 Ne7 44. e4 Bc3 45. e5 Nd5 46. Ke4 Nb6 47. Kd3 Be1 48. g4 a4 49. f5 Bg3 50. fxe6 fxe6 51. Kc3 Bxe5+ 52. Kb4 Bd6+ 53. Ka5 a3 0-1

[Event "Titled Tuesday intern op 04th Mar Early"]
[Site "Chess.com INT"]
[Date "2025.03.04"]
[Round "3"]
[White "Sabure, Bojosi"]
[Black "Shamatava, Nikolozi"]
[Result "0-1"]
[WhiteElo "1981"]
[BlackElo "2292"]
[PlyCount "76"]
[EventDate "2025.03.04"]
[EventType "swiss (blitz)"]
[EventRounds "11"]
[EventCountry "USA"]
[SourceTitle "CB11_2025"]
[SourceDate "2025.03.12"]
[SourceVersion "1"]
[SourceVersionDate "2025.03.12"]
[SourceQuality "1"]

1. d4 Nf6 2. Nc3 d5 3. e4 dxe4 4. Bg5 g6 5. Bxf6 exf6 6. Nxe4 Bg7 7. c3 0-0 8. Nf3 Re8 9. Bd3 f5 10. Bc2 fxe4 11. Nd2 e3 12. fxe3 Rxe3+ 13. Kf2 Re8 14. Rf1 Nc6 15. Kg1 Be6 16. Ne4 Bc4 17. Rf2 Nxd4 18. cxd4 Bxd4 19. Qf3 Bxf2+ 20. Qxf2 f5 21. Nc3 Re2 22. Nxe2 Qd2 23. Nc3 Qd6 24. Rd1 Qb4 25. Qd4 a5 26. b3 Bf7 27. Qf6 Qc5+ 28. Kf1 Rf8 29. Qd4 Qc6 30. Bd3 f4 31. Bc4 f3 32. g3 f2 33. Bxf7+ Rxf7 34. Qd8+ Kg7 35. Qd4+ Kg8 36. Ne4 Qb5+ 37. Qd3 Qf5 38. Rd2 Qh3+ 0-1

[Event "Titled Tuesday intern op 04th Mar Early"]
[Site "Chess.com INT"]
[Date "2025.03.04"]
[Round "6"]
[White "Shamatava, Nikolozi"]
[Black "Gavrilescu, David"]
[Result "0-1"]
[WhiteElo "2292"]
[BlackElo "2549"]
[PlyCount "51"]
[EventDate "2025.03.04"]
[EventType "swiss (blitz)"]
[EventRounds "11"]
[EventCountry "USA"]
[SourceTitle "CB11_2025"]
[SourceDate "2025.03.12"]
[SourceVersion "1"]
[SourceVersionDate "2025.03.12"]
[SourceQuality "1"]

1. b3 e5 2. Bb2 Nc6 3. e3 f6 4. Ne2 d5 5. c4 Be6 6. cxd5 Qxd5 7. Nbc3 Qd7 8. Ng3 h5 9. h4 0-0-0 10. Bb5 Nge7 11. 0-0 g5 12. hxg5 f5 13. d4 exd4 14. exd4 Bg7 15. d5 Nxd5 16. Nxd5 Bxb2 17. Bxc6 bxc6 18. Qe2 Bxd5 19. Qxb2 f4 20. Ne2 f3 21. Nf4 Qg4 22. Qd4 Rhf8 23. Qxa7 Rxf4 24. Qa6+ Kd7 25. g3 Qh3 26. Qxc6+ 0-1

[Event "Titled Tuesday intern op 04th Mar Early"]
[Site "Chess.com INT"]
[Date "2025.03.04"]
[Round "4"]
[White "Shamatava, Nikolozi"]
[Black "Prokofyev, Valentyn"]
[Result "1-0"]
[WhiteElo "2292"]
[BlackElo "2423"]
[PlyCount "57"]
[EventDate "2025.03.04"]
[EventType "swiss (blitz)"]
[EventRounds "11"]
[EventCountry "USA"]
[SourceTitle "CB11_2025"]
[SourceDate "2025.03.12"]
[SourceVersion "1"]
[SourceVersionDate "2025.03.12"]
[SourceQuality "1"]

1. b3 Nf6 2. Nf3 e6 3. e3 b6 4. Bb2 Bb7 5. Be2 d5 6. 0-0 Bd6 7. c4 0-0 8. Nc3 a6 9. d4 Nbd7 10. Rc1 Ne4 11. Nxe4 dxe4 12. Nd2 Qh4 13. g3 Qh3 14. d5 exd5 15. Bg4 Qh6 16. Bxd7 Rad8 17. Bg4 f5 18. Be2 f4 19. exf4 Rxf4 20. cxd5 Rdf8 21. Nc4 Rxf2 22. Rxf2 Rxf2 23. Kxf2 Qxh2+ 24. Ke3 Qh6+ 25. Kxe4 Bc5 26. Bh5 Bc8 27. Qf3 g6 28. Bg4 Bxg4 29. Qxg4 1-0

[Event "Sitges Sunway op-A 11th"]
[Site "Sitges"]
[Date "2024.12.16"]
[Round "5"]
[White "Shamatava, Nikolozi"]
[Black "Raczek, Krzysztof"]
[Result "0-1"]
[WhiteElo "2334"]
[BlackElo "2443"]
[PlyCount "86"]
[EventDate "2024.12.12"]
[EventType "swiss"]
[EventRounds "10"]
[EventCountry "ESP"]
[SourceTitle "CB52_2024"]
[SourceDate "2024.12.25"]
[SourceVersion "1"]
[SourceVersionDate "2024.12.25"]
[SourceQuality "1"]

1. d4 Nf6 2. Nf3 d5 3. Bf4 c5 4. e3 Nc6 5. c3 Qb6 6. Qc1 Bf5 7. Nbd2 e6 8. Be2 cxd4 9. exd4 Rc8 10. 0-0 Be7 11. h3 0-0 12. Rd1 Bg6 13. Nf1 Ne4 14. Ne3 Qd8 15. Ng4 f6 16. Bf1 h5 17. Ne3 Bh7 18. Bh2 f5 19. Bd3 f4 20. Nc2 g5 21. Nd2 g4 22. hxg4 hxg4 23. Nxe4 dxe4 24. Be2 g3 25. fxg3 f3 26. Bc4 Bg5 27. Ne3 Qf6 28. Ng4 Qg7 29. Qc2 Nd8 30. Qb3 f2+ 31. Kf1 e3 32. Ne5 Rxc4 33. Qxc4 Qh6 34. Ng4 Qh5 35. Qe2 Kh8 36. d5 e5 37. Qc4 Bf5 38. Nxe5 Qxh2 39. Nf3 Qh1+ 40. Ke2 f1Q+ 41. Rxf1 Qxg2+ 42. Ke1 Bh3 43. Qd4+ Kg8 0-1

[Event "Sant Boi de Llobregat op 5th"]
[Site "Sant Boi de Llobregat"]
[Date "2024.12.05"]
[Round "7"]
[White "Jaque Gutierrez, Matias"]
[Black "Shamatava, Nikolozi"]
[Result "0-1"]
[WhiteElo "2233"]
[BlackElo "2376"]
[PlyCount "92"]
[EventDate "2024.11.29"]
[EventType "swiss"]
[EventRounds "10"]
[EventCountry "ESP"]
[SourceTitle "CB50_2024"]
[SourceDate "2024.11.01"]
[SourceVersion "1"]
[SourceVersionDate "2024.11.01"]
[SourceQuality "2"]

1. Nf3 e6 2. c4 d5 3. g3 Nf6 4. Bg2 d4 5. 0-0 c5 6. e3 Nc6 7. exd4 cxd4 8. d3 Bd6 9. Bg5 h6 10. Bxf6 Qxf6 11. Nbd2 Qe7 12. a3 a5 13. Ne4 Bc7 14. Qa4 Bd7 15. Qb5 Rb8 16. Nc5 0-0 17. Nxd7 Qxd7 18. b4 Rfd8 19. Rfb1 Ra8 20. Nd2 Rdb8 21. Nb3 Qd6 22. Nc5 Qe7 23. Nxb7 Ne5 24. Qc5 Qd7 25. Nxa5 Nxd3 26. Qc6 Qd8 27. Rd1 Bxa5 28. bxa5 Nb2 29. Rd2 Rxa5 30. Rb1 Rb6 31. Qe4 Nxc4 32. Rxb6 Nxd2 33. Qc6 Rxa3 34. h4 Ra1+ 35. Kh2 Rb1 36. Ra6 Rb8 37. Ra7 Qf6 38. f4 Qg6 39. Qc1 Rb3 40. Qe1 Nf3+ 41. Bxf3 Rxf3 42. Rd7 Re3 43. Qf2 Qe4 44. Kh3 Re2 45. Qxd4 Qg2+ 46. Kg4 f5+ 0-1

[Event "Wch U16"]
[Site "Florianopolis"]
[Date "2024.10.31"]
[Round "3"]
[White "Shamatava, Nikolozi"]
[Black "Maglioni, Leonardo"]
[Result "1-0"]
[WhiteElo "2376"]
[BlackElo "2083"]
[PlyCount "97"]
[EventDate "2024.10.29"]
[EventType "swiss"]
[EventRounds "11"]
[EventCountry "BRA"]
[SourceTitle "CB45_2024"]
[Source "ChessBase"]
[SourceDate "2024.11.06"]
[SourceVersion "1"]
[SourceVersionDate "2024.11.06"]
[SourceQuality "1"]

1. d4 Nf6 2. c4 g6 3. g3 d5 4. cxd5 c6 5. dxc6 Nxc6 6. Nf3 e5 7. dxe5 Qxd1+ 8. Kxd1 Ng4 9. Ke1 Bc5 10. e3 0-0 11. Be2 b6 12. Kf1 Bb7 13. Nc3 Ngxe5 14. Nxe5 Nxe5 15. e4 f5 16. Bf4 Rae8 17. Bb5 Re6 18. Re1 g5 19. Be3 fxe4 20. Kg2 Ref6 21. Re2 Ng4 22. Nd1 Nxf2 23. Nxf2 Bxe3 24. Ng4 Rf2+ 25. Nxf2 Bxf2 26. Ba6 Ba8 27. Rc1 e3+ 28. Kh3 Bf3 29. Rec2 Rf6 30. Rc8+ Kg7 31. R1c7+ Rf7 32. Bc4 Rxc7 33. Rxc7+ Kg6 34. Re7 h5 35. b3 a5 36. a3 Kf5 37. Re8 Kg6 38. Rf8 g4+ 39. Kh4 e2 40. Bxe2 Bc5 41. Bd3+ Kg7 42. Rf5 Bxa3 43. Kxh5 Bc5 44. Bc4 Bd1 45. Rf7+ Kh8 46. Rd7 Bf2 47. Kg6 Bc2+ 48. Kf6 Bg1 49. Bf7 1-0

[Event "Wch U16"]
[Site "Florianopolis"]
[Date "2024.10.30"]
[Round "2"]
[White "Shamatava, Nikolozi"]
[Black "Savicevs, Arsenijs"]
[Result "0-1"]
[WhiteElo "2376"]
[BlackElo "2192"]
[PlyCount "116"]
[EventDate "2024.10.29"]
[EventType "swiss"]
[EventRounds "11"]
[EventCountry "BRA"]
[SourceTitle "CB45_2024"]
[Source "ChessBase"]
[SourceDate "2024.11.06"]
[SourceVersion "1"]
[SourceVersionDate "2024.11.06"]
[SourceQuality "1"]

1. d4 Nf6 2. c4 e6 3. Nf3 d5 4. g3 dxc4 5. Bg2 c5 6. 0-0 Nc6 7. Qa4 Bd7 8. Qxc4 b5 9. Qc3 b4 10. Qc4 Na5 11. Qd3 c4 12. Qd1 Rc8 13. Ne5 Be7 14. e4 0-0 15. Re1 Bc6 16. Nxc6 Nxc6 17. Be3 Qd7 18. Qa4 Rfd8 19. Rd1 Nxd4 20. Qxd7 Rxd7 21. Rxd4 Rxd4 22. Bxd4 Rd8 23. Kf1 Rxd4 24. Ke2 Nxe4 25. Ke3 Bf6 26. Bxe4 Rxe4+ 27. Kxe4 Bxb2 28. Nd2 f5+ 29. Ke3 Bxa1 30. Nxc4 e5 31. f4 exf4+ 32. Kxf4 g6 33. Na5 Bc3 34. g4 fxg4 35. Kxg4 Kf7 36. Nb3 Kf6 37. Na5 h5+ 38. Kf3 g5 39. h3 Kf5 40. Nc6 g4+ 41. hxg4+ hxg4+ 42. Kg3 Be1+ 43. Kg2 a6 44. Nd4+ Ke4 45. Nb3 Kd5 46. Kf1 Bc3 47. Kf2 Be5 48. Ke3 g3 49. Nd2 a5 50. Nb3 a4 51. Nc1 Kc4 52. Ne2 b3 53. axb3+ axb3 54. Kd2 g2 55. Kc1 Bd4 56. Kb1 g1Q+ 57. Nxg1 Bxg1 58. Kb2 Bd4+ 0-1

[Event "Wch U16"]
[Site "Florianopolis"]
[Date "2024.10.29"]
[Round "1"]
[White "Lira, Suan Bruno Fernande"]
[Black "Shamatava, Nikolozi"]
[Result "0-1"]
[WhiteElo "2037"]
[BlackElo "2376"]
[PlyCount "93"]
[EventDate "2024.10.29"]
[EventType "swiss"]
[EventRounds "11"]
[EventCountry "BRA"]
[SourceTitle "CB45_2024"]
[Source "ChessBase"]
[SourceDate "2024.11.06"]
[SourceVersion "1"]
[SourceVersionDate "2024.11.06"]
[SourceQuality "1"]

1. e4 e5 2. Nf3 Nc6 3. Bb5 a6 4. Ba4 Nf6 5. d3 b5 6. Bb3 Bc5 7. Nc3 Bb7 8. 0-0 h6 9. Nd5 d6 10. c3 0-0 11. Nxf6+ Qxf6 12. Bd5 Rab8 13. b4 Bb6 14. Be3 Bxe3 15. fxe3 Ne7 16. Bxb7 Rxb7 17. Qe1 Qe6 18. Nh4 d5 19. Nf5 dxe4 20. dxe4 Rb6 21. Qg3 Nxf5 22. exf5 Qe7 23. Rad1 Rd6 24. Rd5 f6 25. Qf3 e4 26. Qd1 Rfd8 27. Rd4 Rxd4 28. cxd4 Qxb4 29. Qc2 Qa3 30. Re1 Rc8 31. Qxe4 Qxa2 32. Qb7 Re8 33. Qc6 Re7 34. Qc3 Qd5 35. Qa3 Qd6 36. Qc3 Kh7 37. e4 b4 38. Qe3 a5 39. Kh1 a4 40. e5 Qd5 41. Qf4 b3 42. Qg4 a3 43. Rf1 Qb5 44. Rg1 Qb6 45. Qg3 fxe5 46. dxe5 a2 47. Qd3 0-1

[Event "Titled Tuesday intern op 24th Sep Early"]
[Site "Chess.com INT"]
[Date "2024.09.24"]
[Round "3"]
[White "Shamatava, Nikolozi"]
[Black "Toktomushev, Teimur"]
[Result "0-1"]
[WhiteElo "2344"]
[BlackElo "2274"]
[PlyCount "90"]
[EventDate "2024.09.24"]
[EventType "swiss (blitz)"]
[EventRounds "11"]
[EventCountry "USA"]
[SourceTitle "EXT 2025"]
[Source "ChessBase"]
[SourceDate "2024.10.14"]
[SourceVersion "1"]
[SourceVersionDate "2024.10.14"]
[SourceQuality "1"]

1. Nf3 d5 2. c4 e6 3. b3 Nf6 4. Bb2 c5 5. e3 Nc6 6. Nc3 d4 7. exd4 cxd4 8. Ne2 e5 9. d3 Bb4+ 10. Nd2 e4 11. a3 exd3 12. axb4 Nxb4 13. Nf3 Nc2+ 14. Kd2 Nxa1 15. Nexd4 Nc2 16. Bxd3 Nxd4 17. Bxd4 0-0 18. Kc1 Bg4 19. Re1 a5 20. Bc2 a4 21. b4 a3 22. Kb1 Bh5 23. Ka1 Bg6 24. Bb3 Re8 25. Ne5 Nd7 26. Nxg6 Rxe1 27. Qxe1 hxg6 28. c5 Nf6 29. Bc3 Qd7 30. Ka2 Re8 31. Qb1 Re2+ 32. Kxa3 Rxf2 33. Qxg6 Qe7 34. Qg3 Re2 35. Bd4 Rd2 36. Qd3 Rxd3 37. Bxf6 Qxf6 38. Ka4 Qc3 39. Kb5 Qxb3 40. Kb6 Qxb4+ 41. Kc7 Qxc5+ 42. Kb8 b5 43. Ka8 b4 44. Kb7 b3 45. g3 b2 0-1

[Event "Sitges op 48th"]
[Site "Sitges"]
[Date "2024.07.26"]
[Round "5"]
[White "Jagreet, Misra"]
[Black "Shamatava, Nikolozi"]
[Result "0-1"]
[WhiteElo "2009"]
[BlackElo "2127"]
[PlyCount "43"]
[EventDate "2024.07.22"]
[EventType "swiss"]
[EventRounds "9"]
[EventCountry "ESP"]
[SourceTitle "CBM 221 Extra"]
[Source "ChessBase"]
[SourceDate "2024.09.30"]
[SourceVersion "1"]
[SourceVersionDate "2024.09.30"]
[SourceQuality "1"]

1. d4 Nf6 2. Bf4 c5 3. e3 Qb6 4. Nf3 e6 5. Nbd2 cxd4 6. exd4 Qxb2 7. Rb1 Qc3 8. Bd3 Nc6 9. Rb3 Qa5 10. 0-0 d5 11. c4 Be7 12. c5 0-0 13. Qb1 Qa4 14. Bc2 Nxd4 15. Rxb7 Nxc2 16. Rxe7 Qxf4 17. Qxc2 d4 18. Qa4 a5 19. g3 Qg4 20. Re1 Qh5 21. Ne5 Ba6 22. Qc6 0-1

[Event "Sitges op 48th"]
[Site "Sitges"]
[Date "2024.07.23"]
[Round "2"]
[White "Shamatava, Nikolozi"]
[Black "Clarke, Brandon GI"]
[Result "1/2-1/2"]
[WhiteElo "2127"]
[BlackElo "2498"]
[PlyCount "138"]
[EventDate "2024.07.22"]
[EventType "swiss"]
[EventRounds "9"]
[EventCountry "ESP"]
[SourceTitle "CBM 221 Extra"]
[Source "ChessBase"]
[SourceDate "2024.09.30"]
[SourceVersion "1"]
[SourceVersionDate "2024.09.30"]
[SourceQuality "1"]

1. d4 Nf6 2. c4 g6 3. g3 Bg7 4. Bg2 0-0 5. Nc3 d6 6. Nf3 Nbd7 7. 0-0 e5 8. e4 exd4 9. Nxd4 Re8 10. h3 a6 11. Re1 Rb8 12. Be3 c5 13. Nc2 b5 14. Qxd6 bxc4 15. Na3 Rxb2 16. Bf4 Nh5 17. e5 Nxf4 18. gxf4 Qh4 19. Ne4 Nf6 20. exf6 Rxe4 21. Qd8+ Bf8 22. Rf1 Rxf4 23. Rad1 Qxf6 24. Qxc8 Rfxf2 25. Kh1 Rxa2 26. Nxc4 Qf4 27. Rxf2 Qxf2 28. Qa8 Qe2 29. Qd5 Ra4 30. Bf1 Qf2 31. Bg2 Qe2 32. Bf1 Qf2 33. Bg2 Qf4 34. Ne5 Rd4 35. Rxd4 cxd4 36. Nd3 Qe3 37. Qe4 Qxe4 38. Bxe4 f5 39. Bd5+ Kg7 40. Kg2 Kf6 41. Kf3 g5 42. Nb2 a5 43. Bc6 h5 44. Nc4 Bb4 45. Be8 g4+ 46. Kf4 gxh3 47. Kg3 Kg5 48. Nb2 h4+ 49. Kxh3 Kf4 50. Bd7 Be7 51. Nc4 Bd8 52. Nb2 Ke4 53. Bb5 Ke3 54. Nc4+ Kf2 55. Nd6 f4 56. Kg4 f3 57. Bc6 d3 58. Nc4 h3 59. Kxh3 Ke2 60. Ne5 f2 61. Bf3+ Ke3 62. Kg2 Bh4 63. Nc4+ Kf4 64. Bd1 Ke4 65. Nxa5 Kd4 66. Kf1 Kc3 67. Nb3 Bg3 68. Kg2 d2 69. Kf1 Bh4 1/2-1/2

[Event "Barcelona Sant Marti op-A 24th"]
[Site "Barcelona"]
[Date "2024.07.19"]
[Round "7"]
[White "Krasteva, Beloslava"]
[Black "Shamatava, Nikolozi"]
[Result "1/2-1/2"]
[WhiteElo "2251"]
[BlackElo "2127"]
[PlyCount "153"]
[EventDate "2024.07.13"]
[EventType "swiss"]
[EventRounds "9"]
[EventCountry "ESP"]
[SourceTitle "CBM 221 Extra"]
[Source "ChessBase"]
[SourceDate "2024.09.30"]
[SourceVersion "1"]
[SourceVersionDate "2024.09.30"]
[SourceQuality "1"]

1. d4 Nf6 2. Nf3 e6 3. Bg5 c5 4. e3 Qb6 5. Nbd2 Qxb2 6. Bd3 Nc6 7. Bxf6 gxf6 8. 0-0 Qb6 9. Ne4 f5 10. dxc5 Qa5 11. Nd6+ Bxd6 12. cxd6 Qd5 13. Be2 Qxd1 14. Rfxd1 b6 15. c4 Ba6 16. Nd4 Nxd4 17. exd4 Rc8 18. a4 0-0 19. Rdc1 Rc6 20. a5 bxa5 21. Rxa5 Rfc8 22. Ra4 f4 23. Kf1 Rxd6 24. Rca1 Rcc6 25. Ke1 e5 26. d5 Rb6 27. c5 Rb2 28. cxd6 Rxe2+ 29. Kd1 Bb5 30. R4a2 Re4 31. Rxa7 Rd4+ 32. Ke1 Re4+ 33. Kd1 Rd4+ 34. Kc1 e4 35. R7a5 Bc4 36. Kb2 Bxd5 37. R1a4 Rd3 38. Ra3 Rd4 39. Kc3 Rc4+ 40. Kd2 Rd4+ 41. Kc3 Rc4+ 42. Kd2 Rd4+ 43. Ke1 Bc6 44. Rg5+ Kf8 45. Rh3 Rxd6 46. Rxh7 f3 47. gxf3 exf3 48. Rf5 Re6+ 49. Kd1 Re7 50. Rf4 Kg8 51. Rh5 Re2 52. Rg5+ Kf8 53. Rgf5 Rxf2 54. Rxf7+ Kg8 55. h4 Rh2 56. R7f5 Kg7 57. Rg4+ Kh6 58. Rf8 Kh7 59. Ke1 Re2+ 60. Kf1 Rh2 61. Rf7+ Kh6 62. Rf8 Kh7 63. Kg1 Re2 64. Rf7+ Kh6 65. Rf8 Kh7 66. Rgf4 Rg2+ 67. Kf1 Bb5+ 68. Ke1 Re2+ 69. Kd1 Bc6 70. R8f7+ Kh6 71. R7f6+ Kh7 72. R6f5 Kh6 73. Rg5 Rh2 74. Rf6+ Kh7 75. Rf7+ Kh6 76. Rf6+ Kh7 77. Rf7+ 1/2-1/2